| 000 | 01202pam a2200337 a 4500 | ||
|---|---|---|---|
| 001 | 016072600 | ||
| 003 | EG-ScBUE | ||
| 005 | 20220220101453.0 | ||
| 008 | 120419r20132012enkab f b 000 1 eng d | ||
| 020 | _a 0857207482 | ||
| 020 | _a9780857207487 | ||
| 040 |
_aStDuBDS _beng _erda _cStDuBDS _dUk _dEG-ScBUE |
||
| 082 | 0 | 4 |
_a823.92 _222 _bGRE |
| 100 | 1 |
_aGregory, Philippa, _eauthor. _934098 |
|
| 245 | 1 | 4 |
_aThe kingmaker's daughter / _cPhilippa Gregory. |
| 264 | 1 |
_aLondon : _bSimon and Schuster, _c2013. |
|
| 300 |
_a433 pages : _billustrations, maps ; _c24 cm. |
||
| 336 |
_2rdacontent _atext _btxt |
||
| 337 |
_2rdamedia _aunmediated _bn |
||
| 338 |
_2rdacarrier _avolume _bnc |
||
| 490 | 0 |
_aThe cousins' war ; _v4 |
|
| 504 | _aIncludes bibliographical references. | ||
| 600 | 1 | 7 |
_aBeauchamp, Richard de, _cEarl of Warwick, _d1382-1439. _2BUEsh _934099 |
| 600 | 1 | 7 |
_aWarwick, Anne Neville, _cCountess of, _d-1492 _vFiction. _2BUEsh _934100 |
| 650 | _2BUEsh | ||
| 651 | 7 |
_aGreat Britain _xHistory _yEdward IV, 1461-1483 _vFiction. _2BUEsh _921774 |
|
| 653 |
_cOctober2013 _bHHUUEENN |
||
| 655 | 0 |
_aHistorical fiction. _vReading book |
|
| 942 |
_2ddc _cBB |
||
| 999 |
_c17627 _d17599 |
||